[Event "ECU-ch U16"]
[Site "Guayaquil"]
[Date "2019.04.19"]
[Round "5"]
[White "Guaraca Pintado, Juan Pablo"]
[Black "Pianchiche Acero, Miyamu Nillu"]
[Result "1-0"]
[WhiteElo "1493"]
[BlackElo "1209"]
[PlyCount "29"]
[EventDate "2019.04.17"]
[EventType "swiss"]
[EventRounds "9"]
[EventCountry "ECU"]
[SourceTitle "CBM 190 Extra"]
[Source "ChessBase"]
[SourceDate "2019.07.15"]
[SourceVersion "1"]
[SourceVersionDate "2019.07.15"]
[SourceQuality "1"]

1. e4 g6 2. d4 Bg7 3. Bc4 c6 4. Nc3 b5 5. Bb3 b4 6. Nce2 e6 7. Be3 d5 8. e5 Bd7 9. Qd2 a5 10. a3 bxa3 11. Rxa3 Qc7 12. Nf3 Ne7 13. Ng3 f5 14. exf6 Nf5 15. fxg7 1-0